Wavelengths of X-ray emission lines and absorption edges (Record no. 7143)

MARC details
000 -LEADER
fixed length control field 00591nam a2200205Ia 4500
003 - CONTROL NUMBER IDENTIFIER
control field IN-BaIIA
008 - FIXED-LENGTH DATA ELEMENTS--GENERAL INFORMATION
fixed length control field 211028s9999 xx 000 0 eng d
020 ## - INTERNATIONAL STANDARD BOOK NUMBER
International Standard Book Number 0-08-022448-2
040 ## - CATALOGING SOURCE
Transcribing agency IIA Library
080 ## - UNIVERSAL DECIMAL CLASSIFICATION NUMBER
Universal Decimal Classification number 083:537
Item number CAU
100 ## - MAIN ENTRY--PERSONAL NAME
Personal name Cauchois, Y
9 (RLIN) 12252
245 #0 - TITLE STATEMENT
Title Wavelengths of X-ray emission lines and absorption edges
Statement of responsibility, etc. Y. Cauchois and C. Senemaud
260 ## - PUBLICATION, DISTRIBUTION, ETC.
Place of publication, distribution, etc. Oxford
Name of publisher, distributor, etc. Pergamon Press
Date of publication, distribution, etc. 1978
300 ## - PHYSICAL DESCRIPTION
Extent 320p.
650 ## - SUBJECT ADDED ENTRY--TOPICAL TERM
Topical term or geographic name entry element NASA thesaurus
650 ## - SUBJECT ADDED ENTRY--TOPICAL TERM
Topical term or geographic name entry element Wavelengths tables
9 (RLIN) 12253
650 ## - SUBJECT ADDED ENTRY--TOPICAL TERM
Topical term or geographic name entry element X-ray emission Tables
9 (RLIN) 12254
700 ## - ADDED ENTRY--PERSONAL NAME
Personal name Senemaud, C.
9 (RLIN) 12255
942 ## - ADDED ENTRY ELEMENTS (KOHA)
Koha item type Books
Holdings
Withdrawn status Lost status Damaged status Not for loan Home library Current library Shelving location Date acquired Cost, normal purchase price Total Checkouts Full call number Barcode Date last seen Cost, replacement price Price effective from Koha item type Purchase Price
        IIA Library-Bangalore IIA Library-Bangalore General Stacks 18/08/1982 1584.00   083:537/ CAU 7937 05/11/2021 1584.00 18/08/1982 Books Rs. 1584.00

Powered by Koha